00719 2200265 4500001002100000005001500021035002000036007000300056008004100059020002200100082000800122084001400130100001600144245009400160250001000254260002800264300002100292650002600313700001600339700001600355504005100371990001100422990001100433990000900444INLIS00000000000379120190723092536 a0010-0719000209ta190723 g 0 ind  a978-602-9251-07-4 a823 a823 POO p0 aPOOLE, Sara1 aPoison, Sebuah Novel Renaisans /cSara Poole; penerjemah, Dina Begum; editor, A. Mellyora acet.1 aSolo :bMetamind,c2011 a565 hlm ;c21 cm 4aNOVEL. SASTRA INGGRIS0 aDINA, Begum0 aMELLYORA, A aJudul asli: Poison; A Novel of The Renaissance a5426 a a5426 b a5426